| 000 | 00757cam a2200265 a 4500 | ||
|---|---|---|---|
| 001 | 1456252 | ||
| 003 | OSt | ||
| 005 | 20230620131424.0 | ||
| 008 | 850215s1984 enkb b 001 0 eng c | ||
| 010 | _a 85672144 | ||
| 020 |
_a0333341880 : _c£15.00 |
||
| 020 | _a0333341899 (pbk.) | ||
| 040 |
_aMH _cMH _dDLC |
||
| 043 | _af------ | ||
| 082 |
_a320.96 _bTOR |
||
| 100 | 1 | _aTordoff, William. | |
| 245 | 1 | 0 |
_aGovernment and politics in Africa / _cWilliam Tordoff. |
| 260 |
_aLondon : _bMacmillan, _c1984. |
||
| 300 |
_axix, 352 p. : _bmap ; _c23 cm. |
||
| 500 | _aIncludes index. | ||
| 504 | _aBibliography: p. [321]-337. | ||
| 651 | 0 |
_aAfrica _xPolitics and government _y1960- |
|
| 906 |
_a7 _bcbc _corignew _du _encip _f19 _gy-gencatlg |
||
| 942 |
_2ddc _cBK |
||
| 999 |
_c1717 _d1717 |
||